000 00404nam a22001457a 4500
008 240404b |||||||| |||| 00| 0 eng d
020 _a9781509800223
082 _a813.54
100 _aSteel, Danielle.
245 _aAgainst All Odds:
_bYou can't protect your child from the choices they make...
260 _aNew York:
_bPan,
_c2018.
300 _a411 p.;
_c19.8 Cm.
942 _2ddc
999 _c9827
_d9828